[Event "J. Richter/Lask-Groeden"]
[Site "?"]
[Date "2015.11.28"]
[Round "3.6"]
[White "Battiston, Claudio"]
[Black "Grossi, Christian"]
[Result "1-0"]
[WhiteElo "1779"]
[BlackElo "1765"]
[PlyCount "69"]
[EventDate "2015.??.??"]

1. d4 g6 2. Nf3 Bg7 3. Bf4 Nf6 4. e3 d6 5. Be2 O-O 6. O-O Nbd7 7. h3 Re8 8. c4
c5 9. Nc3 Qa5 10. d5 Nh5 11. Bh2 Bxc3 12. bxc3 Qxc3 13. Qa4 Nhf6 14. Rab1 Nb6
15. Rxb6 Bd7 16. Qb3 Qa5 17. Rxb7 Bc8 18. Rb5 Qc7 19. Qa3 Nd7 20. Rfb1 Nb8 21.
Qa5 Qxa5 22. Rxa5 Bd7 23. Rb7 a6 24. e4 f6 25. Nd2 Bc8 26. Rc7 Nd7 27. Bg4 Rd8
28. Bxd7 Bxd7 29. Rb7 Kf8 30. Rb6 Bc8 31. Nb1 Ke8 32. Nc3 Kd7 33. Ne2 Kc7 34.
Rb1 g5 35. Rxc5+ 1-0

[Event "Naturns-Merania"]
[Site "?"]
[Date "2015.11.28"]
[Round "3.1"]
[White "Bonagura, Stefano"]
[Black "Mukic, Josko"]
[Result "0-1"]
[WhiteElo "2249"]
[BlackElo "2262"]
[PlyCount "62"]
[EventDate "2015.??.??"]

1. c4 c5 2. g3 g6 3. Bg2 Bg7 4. Nc3 Nc6 5. e3 e6 6. Nge2 Nge7 7. O-O O-O 8. b3
d5 9. cxd5 exd5 10. d4 cxd4 11. exd4 Bg4 12. h3 Bxe2 13. Nxe2 Nf5 14. Bb2 Rc8
15. Nf4 Ncxd4 16. Nxd5 Rc2 17. Bxd4 Nxd4 18. Re1 Re8 19. Ne3 Rd2 20. Qxd2 Nf3+
21. Bxf3 Qxd2 22. Rad1 Qxa2 23. Rd7 Bh6 24. Bd5 Bxe3 25. fxe3 Kh8 26. Bxf7 Rf8
27. e4 Qa5 28. Rf1 Qb5 29. Rdd1 Qe5 30. Rf4 g5 31. Rd5 Qe7 0-1

[Event "Naturns-Merania"]
[Site "?"]
[Date "2015.11.28"]
[Round "3.5"]
[White "Maestri, Alessandro"]
[Black "Gurschler, Thomas"]
[Result "0-1"]
[WhiteElo "1506"]
[BlackElo "1810"]
[PlyCount "98"]
[EventDate "2015.??.??"]

1. e4 g6 2. d4 Bg7 3. Nf3 c6 4. c3 d5 5. e5 Bg4 6. Be2 Nh6 7. h3 Bxf3 8. Bxf3
O-O 9. O-O f6 10. exf6 exf6 11. Re1 Re8 12. Bxh6 Bxh6 13. Nd2 Nd7 14. Qc2 Qc7
15. g3 Nf8 16. Bg2 Qd7 17. Nf3 Rxe1+ 18. Rxe1 Re8 19. Kf1 Rxe1+ 20. Kxe1 Ne6
21. Qe2 Nc7 22. Kf1 Nb5 23. Kg1 Nd6 24. Nd2 Kf7 25. Kh2 Qe7 26. Qxe7+ Kxe7 27.
f4 g5 28. fxg5 Bxg5 29. Nb3 Nc4 30. h4 Be3 31. Bh3 b6 32. Bf5 h6 33. Kg2 a5 34.
a4 Nxb2 35. Kf3 Nc4 36. Ke2 h5 37. Kf3 Bh6 38. Ke2 Nb2 39. Bc2 Ke6 40. Nd2 Bxd2
41. Kxd2 f5 42. Ke3 b5 43. axb5 cxb5 44. Kf4 Kf6 45. Ke3 Nc4+ 46. Kd3 a4 47.
Bd1 Nb2+ 48. Kc2 Nxd1 49. Kxd1 f4 0-1

[Event "Naturns-Merania"]
[Site "?"]
[Date "2015.11.28"]
[Round "3.2"]
[White "La Manna, Andrea"]
[Black "Boraso, Alessio"]
[Result "0-1"]
[WhiteElo "2172"]
[BlackElo "2208"]
[PlyCount "70"]
[EventDate "2015.??.??"]

1. d4 Nf6 2. c4 g6 3. Nc3 Bg7 4. e4 d6 5. f3 O-O 6. Be3 c5 7. Nge2 Nc6 8. d5
Ne5 9. Ng3 h5 10. Be2 h4 11. Nf1 e6 12. Nd2 a6 13. a4 Rb8 14. O-O exd5 15. cxd5
Bd7 16. h3 b5 17. axb5 Bxb5 18. Nxb5 axb5 19. Ra6 Re8 20. Bg5 Rb6 21. Ra7 Qb8
22. Qa1 Rb7 23. Rxb7 Qxb7 24. Bxh4 Ra8 25. Qb1 Ra4 26. Bf2 Nh5 27. Rd1 Rb4 28.
b3 c4 29. Qc2 Nf4 30. Bf1 Qe7 31. Kh1 Nfd3 32. Bg1 Qg5 33. Nxc4 bxc4 34. Rb1
Qg3 35. Bh2 Nf2+ 0-1

[Event "Naturns-Merania"]
[Site "?"]
[Date "2015.11.28"]
[Round "3.3"]
[White "Teutsch, Alexander"]
[Black "Lezzerini, Marco"]
[Result "1-0"]
[WhiteElo "2035"]
[BlackElo "2086"]
[PlyCount "29"]
[EventDate "2015.??.??"]

1. d4 Nf6 2. c4 c5 3. d5 b5 4. cxb5 a6 5. f3 axb5 6. e4 Qa5+ 7. Bd2 b4 8. Na3
d6 9. Nc4 Qd8 10. a3 bxa3 11. Rxa3 Rxa3 12. bxa3 e6 13. Ba5 Qe7 14. Qa4+ Nbd7
15. Qc6 1-0

[Event "Naturns-Merania"]
[Site "?"]
[Date "2015.11.28"]
[Round "3.4"]
[White "Unterthurner, Hans"]
[Black "Della Sala, Bruno"]
[Result "1-0"]
[WhiteElo "1967"]
[BlackElo "2057"]
[PlyCount "59"]
[EventDate "2015.??.??"]

1. e4 e6 2. d4 d5 3. Nc3 Nf6 4. Bg5 Bb4 5. e5 h6 6. Bc1 Ne4 7. Nge2 c5 8. f3
cxd4 9. fxe4 Qh4+ 10. g3 Qxe4 11. Qxd4 Qxh1 12. Qxb4 Nc6 13. Qd6 a6 14. Be3 Qf3
15. Bb6 Qf5 16. Bc7 Bd7 17. Na4 Nd4 18. Nb6 Nxc2+ 19. Kd2 Nxa1 20. Qxd7+ Kf8
21. Nxa8 Kg8 22. Nf4 Qc2+ 23. Ke3 Qc1+ 24. Kf2 Qd2+ 25. Kf3 g6 26. Bd3 Qd1+ 27.
Kg2 Qg4 28. h3 Qg5 29. Bxg6 fxg6 30. Qe8+ 1-0

[Event "Naturns-Merania"]
[Site "?"]
[Date "2015.11.28"]
[Round "3.6"]
[White "Gurschler, Gregor"]
[Black "Somvi, Julian"]
[Result "1-0"]
[WhiteElo "1826"]
[BlackElo "1508"]
[PlyCount "117"]
[EventDate "2015.??.??"]

1. e4 e5 2. Nf3 Nc6 3. Bc4 Bc5 4. c3 d6 5. d3 Nf6 6. h3 h6 7. Bb3 O-O 8. Nbd2
Bd7 9. Nf1 a6 10. g4 Be6 11. Bc2 Nh7 12. Ng3 d5 13. Qe2 b5 14. Nf5 f6 15. N3h4
Bf7 16. Bd2 d4 17. Nf3 dxc3 18. bxc3 b4 19. Ba4 bxc3 20. Bxc3 Nb4 21. d4 exd4
22. N3xd4 Bxd4 23. Nxd4 c5 24. a3 cxd4 25. Bxb4 d3 26. Qe3 Rb8 27. Rd1 Bc4 28.
Bxf8 Nxf8 29. Qc5 Rc8 30. Qb4 Qd4 31. O-O Ng6 32. Qd2 Nh4 33. Qe3 Qb2 34. Rb1
Qxa3 35. Ra1 Qb2 36. Rfb1 Qc3 37. Rc1 Qb4 38. Rcb1 Qd6 39. Qg3 Qxg3+ 40. fxg3
Nf3+ 41. Kf2 Ng5 42. Ke3 Nxh3 43. Rc1 Ng5 44. Rxc4 Rd8 45. Rd1 Nf7 46. Rd4 Rxd4
47. Kxd4 Ne5 48. Bb3+ Kh7 49. Bc4 Nxg4 50. Bxa6 Kg6 51. Rxd3 Ne5 52. Rc3 Kg5
53. Be2 h5 54. Rc5 h4 55. gxh4+ Kxh4 56. Rxe5 fxe5+ 57. Kxe5 Kg5 58. Kd6 Kf6
59. e5+ 1-0

[Event "Naturns3-Steinegg"]
[Site "?"]
[Date "2015.11.28"]
[Round "3.1"]
[White "Engl, Stefan"]
[Black "Nischler, Hermann"]
[Result "1-0"]
[WhiteElo "1920"]
[BlackElo "1473"]
[PlyCount "38"]
[EventDate "2015.??.??"]

1. e4 d5 2. exd5 Qxd5 3. Nc3 Qa5 4. d4 c6 5. Nf3 Bg4 6. h3 Bf5 7. g4 Bg6 8. Ne5
e6 9. h4 Be4 10. Nc4 Qb4 11. a3 Qxc3+ 12. bxc3 Bxh1 13. Bf4 Nf6 14. f3 Nd5 15.
Bd2 b5 16. Ne3 Bd6 17. Kf2 h5 18. g5 f5 19. Nxd5 cxd5 1-0

[Event "Brixen/Milland-Taufers"]
[Site "?"]
[Date "2015.11.28"]
[Round "3.1"]
[White "Holzer, Philipp"]
[Black "Sader, Michael"]
[Result "1/2-1/2"]
[WhiteElo "1830"]
[BlackElo "2150"]
[PlyCount "48"]
[EventDate "2015.??.??"]

1. e4 c5 2. d4 cxd4 3. c3 d3 4. Nf3 e6 5. Bxd3 Qc7 6. O-O Nf6 7. Bg5 d6 8. Bc2
Nbd7 9. Qe2 a6 10. Nbd2 Be7 11. Nd4 b6 12. f4 Bb7 13. Rae1 h6 14. Bh4 g5 15.
fxg5 hxg5 16. Bxg5 O-O-O 17. N2f3 Rdg8 18. b4 Ne5 19. Nxe5 dxe5 20. Nxe6 fxe6
21. Bxf6 Bxf6 22. Rxf6 Qxc3 23. Bd3 Kb8 24. Ref1 b5 1/2-1/2

[Event "Ridnaun-Lana"]
[Site "?"]
[Date "2015.11.28"]
[Round "3.1"]
[White "Innerhofer, Stefan"]
[Black "Aigner, Helmut"]
[Result "1/2-1/2"]
[WhiteElo "1625"]
[BlackElo "1858"]
[PlyCount "39"]
[EventDate "2015.??.??"]

1. f4 d5 2. Nf3 c5 3. e4 Nc6 4. b3 Nf6 5. Bb2 g6 6. Ne5 Bg7 7. Bb5 Qb6 8. Bxc6+
bxc6 9. O-O O-O 10. Nc3 Nd7 11. Nxd7 Bxd7 12. Na4 Qa5 13. Bxg7 Kxg7 14. Nb2
Rab8 15. Nd3 f6 16. g4 c4 17. Nf2 f5 18. g5 c5 19. Qc1 Kg8 20. Rd1 1/2-1/2

[Event "Ehrenburg2-Kalter/Tramin2"]
[Site "?"]
[Date "2015.12.15"]
[Round "3.2"]
[White "Messner, Alex"]
[Black "Unterkofler, Alex"]
[Result "1-0"]
[WhiteElo "1641"]
[BlackElo "1723"]
[PlyCount "43"]
[EventDate "2015.??.??"]

1. Nf3 Nf6 2. g3 d5 3. Bg2 c5 4. d3 Nc6 5. O-O e5 6. Nbd2 Bd6 7. c3 O-O 8. e4
Bg4 9. h3 Bh5 10. exd5 Nxd5 11. Qb3 Bc7 12. Ne4 Na5 13. Qb5 b6 14. b4 f5 15.
Bg5 Qc8 16. bxa5 fxe4 17. dxe4 Bxf3 18. exd5 e4 19. Be7 Rf7 20. d6 Bd8 21. Qe8+
Rf8 22. Qxf8# 1-0

[Event "Groeden-Naturns"]
[Site "?"]
[Date "2015.12.12"]
[Round "4.3"]
[White "Lezzerini, Marco"]
[Black "Moroder, Thomas"]
[Result "1/2-1/2"]
[WhiteElo "2086"]
[BlackElo "1951"]
[PlyCount "93"]
[EventDate "2015.??.??"]

1. d4 Nf6 2. c4 g6 3. g3 Bg7 4. Bg2 O-O 5. Nf3 d6 6. O-O c6 7. Nc3 Nbd7 8. e4
e5 9. h3 Qb6 10. Re1 exd4 11. Nxd4 Re8 12. Re2 Nc5 13. Be3 Qb4 14. Rc1 a5 15.
a3 Qb6 16. Nc2 Qxb2 17. Bd4 Qb3 18. e5 Nfd7 19. exd6 Ne6 20. Bxg7 Kxg7 21. Nd4
Qxa3 22. Nxe6+ fxe6 23. Ne4 e5 24. Re3 Qb2 25. Rb3 Qd4 26. Rd3 Qa7 27. h4 Rf8
28. h5 a4 29. hxg6 hxg6 30. Qd2 a3 31. Ng5 Rf6 32. Ne4 Rf8 33. Ng5 Nc5 34. d7
Nxd3 35. Ne6+ Kf7 36. d8=Q Rxd8 37. Nxd8+ Ke7 38. Qxd3 Bf5 39. Qc3 Rxd8 40.
Qxe5+ Kf7 41. Re1 Qd4 42. Qe7+ Kg8 43. Bd5+ Rxd5 44. cxd5 a2 45. Qe8+ Kg7 46.
Qe7+ Kg8 47. Qe8+ 1/2-1/2

[Event "Groeden-Naturns"]
[Site "?"]
[Date "2015.12.12"]
[Round "4.4"]
[White "Goller, Bruno"]
[Black "Unterthurner, Hans"]
[Result "0-1"]
[WhiteElo "1611"]
[BlackElo "1967"]
[PlyCount "43"]
[EventDate "2015.??.??"]

1. d4 Nf6 2. c4 g6 3. Nc3 d5 4. Nf3 Bg7 5. cxd5 Nxd5 6. g3 O-O 7. Bg2 c5 8. O-O
cxd4 9. Nb5 e5 10. b3 a6 11. Na3 e4 12. Ng5 d3 13. Rb1 Nc3 14. Qd2 dxe2 15. Re1
Qxd2 16. Bxd2 Nxb1 17. Nxb1 f5 18. Rxe2 Nc6 19. Be3 Rd8 20. Nd2 Nd4 21. Bxd4
Rxd4 22. Nc4 0-1

[Event "Groeden-Naturns"]
[Site "?"]
[Date "2015.12.12"]
[Round "4.5"]
[White "Gurschler, Thomas"]
[Black "Dejori, David"]
[Result "1-0"]
[WhiteElo "1810"]
[BlackElo "1592"]
[PlyCount "83"]
[EventDate "2015.??.??"]

1. d4 d5 2. Bf4 Nf6 3. e3 e6 4. Nf3 c5 5. c3 Nc6 6. Nbd2 Be7 7. Bd3 O-O 8. O-O
b6 9. Ne5 Bb7 10. Qf3 Nxe5 11. dxe5 Ne8 12. Rad1 Qc7 13. Qg3 g6 14. Bh6 Ng7 15.
f4 Rfd8 16. Nf3 Rd7 17. Bc2 Rad8 18. Bxg7 Kxg7 19. f5 Kg8 20. fxe6 fxe6 21. Qg4
Qc6 22. Bxg6 hxg6 23. Qxg6+ Kh8 24. Qh6+ Kg8 25. Qg6+ Kh8 26. Qh6+ Kg8 27. Ng5
Bxg5 28. Qxg5+ Kh8 29. Qh6+ Kg8 30. Qg5+ Kh8 31. Rf3 Rg8 32. Qh6+ Rh7 33. Qf6+
Rgg7 34. Qf8+ Rg8 35. Qf6+ Rgg7 36. Qd8+ Rg8 37. Rf8 Rhg7 38. Qh4+ Rh7 39. Qf6+
Rhg7 40. Qh6+ Rh7 41. Qf6+ Rhg7 42. Rf7 1-0

[Event "Groeden-Naturns"]
[Site "?"]
[Date "2015.12.12"]
[Round "4.6"]
[White "Kasslatter, Matthias"]
[Black "Gurschler, Gregor"]
[Result "1/2-1/2"]
[WhiteElo "1362"]
[BlackElo "1826"]
[PlyCount "94"]
[EventDate "2015.??.??"]

1. e4 d6 2. Nf3 Nf6 3. Nc3 g6 4. d4 Bg7 5. Bf4 a6 6. a4 O-O 7. Bd3 Bg4 8. O-O
Nc6 9. Be3 Nd7 10. Be2 e5 11. dxe5 Bxf3 12. Bxf3 Ndxe5 13. Be2 Re8 14. f3 Ne7
15. Bd4 Qd7 16. f4 N5c6 17. Bxg7 Kxg7 18. Bg4 Qd8 19. f5 Ng8 20. Qf3 Ne5 21.
Qg3 Nf6 22. Bf3 Qe7 23. Rae1 Nxf3+ 24. Qxf3 Qe5 25. fxg6 fxg6 26. Rf2 Rf8 27.
Qf4 Qxf4 28. Rxf4 Rae8 29. Rf2 Re5 30. Rfe2 Rfe8 31. h3 b5 32. axb5 axb5 33. b4
c6 34. Kf2 Kf7 35. Kf3 Ra8 36. Rd1 Ke7 37. Red2 Re6 38. Rd3 Nd7 39. Kg3 Ne5 40.
Re3 Rf6 41. Rde1 h6 42. R1e2 Raf8 43. Nd1 Rf1 44. Nf2 h5 45. Nd3 Nxd3 46. Rxd3
Rb1 47. c3 Ra1 1/2-1/2

[Event "Groeden-Naturns"]
[Site "?"]
[Date "2015.12.12"]
[Round "4.2"]
[White "Bernardi, Ruben"]
[Black "La Manna, Andrea"]
[Result "0-1"]
[WhiteElo "2080"]
[BlackElo "2172"]
[PlyCount "80"]
[EventDate "2015.??.??"]

1. e4 d5 2. exd5 Nf6 3. d4 Nxd5 4. c4 Nb6 5. Nc3 e5 6. d5 Bb4 7. Nf3 O-O 8. Be2
c6 9. O-O Bxc3 10. bxc3 e4 11. Ng5 Bf5 12. Qd4 cxd5 13. Rd1 h6 14. Nh3 Nc6 15.
Qc5 Rc8 16. cxd5 Ne5 17. Qd4 Nd3 18. Bxd3 exd3 19. Nf4 Re8 20. Nh5 f6 21. Qf4
Qxd5 22. Qg3 Qf7 23. Bxh6 g5 24. Ng7 Re5 25. f4 gxf4 26. Qh4 Be4 27. Rd2 Rg5
28. Qxf4 Qg6 29. Bxg5 fxg5 30. Qg4 Kxg7 31. Re1 Re8 32. Rf2 Nd5 33. Qd7+ Re7
34. Qc8 Nf4 35. Qc5 Qf6 36. Qe3 Qxc3 37. h4 Qe5 38. hxg5 Ng6 39. g3 Bc6 40.
Qxe5+ Rxe5 0-1

[Event "Arci-Gries "]
[Site "?"]
[Date "2015.12.12"]
[Round "4.1"]
[White "Spornberger, Maximilian"]
[Black "Seresin, Francesco"]
[Result "1-0"]
[WhiteElo "2338"]
[BlackElo "1875"]
[PlyCount "73"]
[EventDate "2015.??.??"]

1. e4 c6 2. d4 d5 3. exd5 cxd5 4. Bd3 Nc6 5. c3 Qc7 6. Ne2 Bg4 7. h3 Bh5 8. g4
Bg6 9. Bf4 Qd7 10. f3 Nf6 11. h4 e6 12. h5 Bxd3 13. Qxd3 h6 14. Nd2 Bd6 15.
Bxd6 Qxd6 16. O-O-O O-O-O 17. Kb1 Kb8 18. Rhg1 Na5 19. f4 Qc6 20. Qf3 Nc4 21.
Ng3 Nd6 22. Rde1 Rc8 23. g5 hxg5 24. fxg5 Nfe4 25. Ndxe4 dxe4 26. Qf4 Rc7 27.
Rh1 e3 28. Qxe3 Nc4 29. Qe2 Qd5 30. g6 fxg6 31. hxg6 Re8 32. Rh5 Qc6 33. Rc5
Qa6 34. Ne4 e5 35. Qxc4 Qxc4 36. Rxc4 Rxc4 37. Nd6 1-0

[Event "Arci-Gries "]
[Site "?"]
[Date "2015.12.12"]
[Round "4.2"]
[White "Olivetti, Davide"]
[Black "Spornberger, Andre"]
[Result "0-1"]
[WhiteElo "1972"]
[BlackElo "2158"]
[PlyCount "62"]
[EventDate "2015.??.??"]

1. e4 e6 2. d4 d5 3. Nd2 Be7 4. Ngf3 Nf6 5. e5 Nfd7 6. Bd3 c5 7. c3 Nc6 8. O-O
g5 9. dxc5 g4 10. Nd4 Ndxe5 11. Bb5 Bd7 12. f4 gxf3 13. N2xf3 Ng6 14. b4 e5 15.
Nb3 a6 16. Qxd5 axb5 17. Ng5 Be6 18. Nxe6 fxe6 19. Qxe6 Rf8 20. Bh6 Rxf1+ 21.
Rxf1 Qc8 22. Qf7+ Kd7 23. Na5 Nxa5 24. Rd1+ Kc7 25. bxa5 Qg8 26. Rf1 Qxf7 27.
Rxf7 Kc6 28. Rxh7 Bxc5+ 29. Kf1 Rxa5 30. Rg7 Nf4 31. Rf7 Rxa2 0-1

[Event "Arci-Gries "]
[Site "?"]
[Date "2015.12.12"]
[Round "4.4"]
[White "Adzic, Ranko"]
[Black "Niederstaetter, Harald"]
[Result "0-1"]
[WhiteElo "1894"]
[BlackElo "1952"]
[PlyCount "58"]
[EventDate "2015.??.??"]

1. Nf3 Nf6 2. g3 d6 3. Bg2 Nbd7 4. O-O e5 5. c4 Be7 6. Nc3 O-O 7. d3 c6 8. Bg5
h6 9. Bxf6 Nxf6 10. b4 Be6 11. b5 Qc7 12. Rb1 Rfd8 13. Qa4 d5 14. bxc6 bxc6 15.
cxd5 Nxd5 16. Rfc1 Rab8 17. Rxb8 Rxb8 18. Nxd5 Bxd5 19. e4 Be6 20. d4 Rb4 21.
Rxc6 Qb7 22. Qc2 Rb1+ 23. Bf1 Bh3 24. Nd2 Re1 25. Rc7 Qb5 26. Qc4 Qb4 27. Rc8+
Kh7 28. Qxf7 Bxc8 29. Nf3 Bh3 0-1

[Event "Arci-Gries "]
[Site "?"]
[Date "2015.12.12"]
[Round "4.5"]
[White "Zammarchi, Massimo"]
[Black "Reyna Hernandez, Sandor"]
[Result "1-0"]
[WhiteElo "1921"]
[BlackElo "1939"]
[PlyCount "139"]
[EventDate "2015.??.??"]

1. e4 c5 2. Nf3 e6 3. d4 cxd4 4. Nxd4 a6 5. Bd3 Nf6 6. O-O Qc7 7. Kh1 Nc6 8.
Nxc6 dxc6 9. f4 e5 10. Nc3 Bc5 11. Qf3 Bg4 12. Qg3 exf4 13. Bxf4 Qd7 14. Be3
Bxe3 15. Qxe3 O-O 16. Qg5 h6 17. Qh4 Nh7 18. Rae1 Be6 19. Rf3 Qd8 20. Qf2 Qe7
21. a3 Rad8 22. Rg3 Qf6 23. Qb6 Bc8 24. Qe3 Kh8 25. e5 Qh4 26. Rf1 Qd4 27. Qe2
Rde8 28. Re3 f5 29. Re1 Be6 30. Qf2 b5 31. R3e2 c5 32. Qxd4 cxd4 33. Nd1 Rd8
34. b3 Ng5 35. Nb2 Rd5 36. a4 Rc8 37. axb5 axb5 38. Ra1 Nf7 39. Ra6 Re8 40. Rb6
Rxe5 41. Rxe5 Nxe5 42. Bxb5 Bd7 43. Kg1 Bxb5 44. Rxb5 Ng4 45. Nd3 Ra8 46. Rxf5
Ra1+ 47. Rf1 Rxf1+ 48. Kxf1 Ne3+ 49. Kf2 Nxc2 50. Kf3 Kg8 51. Ke4 Kf7 52. Ne5+
Ke6 53. Nf3 Kd6 54. Nxd4 Nb4 55. Nf5+ Kd7 56. Nxg7 Na6 57. Kf5 Ke7 58. Kg6 Nc7
59. Nf5+ Kf8 60. Nxh6 Ne6 61. g3 Nd4 62. b4 Nb5 63. h4 Nd6 64. h5 Nb5 65. Nf5
Kg8 66. h6 Kh8 67. g4 Nc7 68. Nd6 Nd5 69. Nf7+ Kg8 70. h7+ 1-0

[Event "Arci-Gries "]
[Site "?"]
[Date "2015.12.12"]
[Round "4.6"]
[White "Rinaldo, Gaetano"]
[Black "Paulmichl, Martin"]
[Result "0-1"]
[WhiteElo "1669"]
[BlackElo "1922"]
[PlyCount "100"]
[EventDate "2015.??.??"]

1. g3 e5 2. Bg2 Nc6 3. c4 f5 4. d3 Nf6 5. Bg5 Bb4+ 6. Nc3 d6 7. Nf3 O-O 8. a3
Bxc3+ 9. bxc3 Qe8 10. Bxf6 Rxf6 11. O-O Bd7 12. Qd2 Qh5 13. Qg5 Qf7 14. Rab1
Rb8 15. Qc1 Nd8 16. Ng5 Qg6 17. f4 exf4 18. Qxf4 Bc6 19. Bd5+ Bxd5 20. cxd5 Qh5
21. Qe3 b6 22. Nf3 Nb7 23. Rf2 f4 24. gxf4 Re8 25. Qd2 Qxd5 26. e4 Qh5 27. f5
Nc5 28. Rbf1 h6 29. Rg2 Kh7 30. Ne1 d5 31. exd5 Rxf5 32. Rxf5 Qxf5 33. c4 Qe5
34. d4 Qxe1+ 35. Qxe1 Rxe1+ 36. Kf2 Nd3+ 37. Kf3 Ra1 38. Ke4 Rxa3 39. Rd2 Nb4
40. c5 Kg8 41. Rf2 Ra1 42. d6 cxd6 43. cxd6 Re1+ 44. Kf5 Kf7 45. d7 Ke7 46. Rg2
g5 47. h4 Kxd7 48. hxg5 hxg5 49. Rxg5 Nc6 50. Rg7+ Kd6 0-1

[Event "Klausen-J.Richter/Lask"]
[Site "?"]
[Date "2015.12.12"]
[Round "4.1"]
[White "De Eccher, Stefano"]
[Black "Schacher, Gerd"]
[Result "0-1"]
[WhiteElo "2212"]
[BlackElo "2295"]
[PlyCount "100"]
[EventDate "2015.??.??"]

1. e4 g6 2. c4 Bg7 3. Nc3 d6 4. g3 c5 5. Bg2 Nc6 6. d3 a6 7. Nge2 Rb8 8. Be3
Nf6 9. h3 O-O 10. d4 cxd4 11. Nxd4 Bd7 12. Rc1 Nxd4 13. Bxd4 Rc8 14. b3 b5 15.
cxb5 axb5 16. O-O b4 17. Na4 Rxc1 18. Qxc1 Qa5 19. Qd1 Bxa4 20. bxa4 Nd7 21.
Bxg7 Kxg7 22. f4 Nc5 23. Qd4+ Kg8 24. e5 Ne6 25. Qe4 Qa7+ 26. Kh1 dxe5 27. Qxe5
Qxa4 28. Bd5 Qa6 29. Rb1 Qd3 30. Rc1 Ng7 31. Rg1 Nf5 32. Kh2 Rd8 33. Be4 Qe3
34. Bxf5 Qxe5 35. fxe5 gxf5 36. g4 Rd2+ 37. Kg3 fxg4 38. Kh4 Rd4 39. hxg4 Re4
40. Rb1 Kg7 41. Kg3 Rxe5 42. Rxb4 Re3+ 43. Kh4 Ra3 44. Rb2 Kg6 45. Rf2 f6 46.
Re2 e5 47. Rf2 h6 48. Rb2 Ra4 49. Kh3 h5 50. gxh5+ Kxh5 0-1

[Event "Klausen-J.Richter/Lask"]
[Site "?"]
[Date "2015.12.12"]
[Round "4.2"]
[White "Seebacher, Reinhard"]
[Black "Moncher, Stefano"]
[Result "0-1"]
[WhiteElo "1911"]
[BlackElo "2157"]
[PlyCount "44"]
[EventDate "2015.??.??"]

1. Nf3 Nf6 2. c4 g6 3. Nc3 Bg7 4. g3 O-O 5. Bg2 d6 6. O-O Nc6 7. d3 Bd7 8. Rb1
a5 9. a3 Nh5 10. Bd2 e5 11. b4 axb4 12. axb4 Ne7 13. Qb3 h6 14. Ra1 Be6 15. e4
Qd7 16. Qb2 Rab8 17. b5 Bh3 18. Nd5 Nxd5 19. cxd5 Bxg2 20. Kxg2 Nf4+ 21. Bxf4
exf4 22. Nd4 c5 0-1

[Event "Klausen-J.Richter/Lask"]
[Site "?"]
[Date "2015.12.12"]
[Round "4.3"]
[White "Billio, Atto"]
[Black "Seebacher, Michael"]
[Result "0-1"]
[WhiteElo "2012"]
[BlackElo "1766"]
[PlyCount "74"]
[EventDate "2015.??.??"]

1. c4 e5 2. g3 Nc6 3. Bg2 f5 4. Nc3 Nf6 5. d3 Bb4 6. Bd2 O-O 7. e3 d6 8. Nge2
Ne7 9. Qb3 Bxc3 10. Bxc3 Kh8 11. O-O Ng6 12. Bd2 Qe7 13. f4 c6 14. Nc3 Be6 15.
Qc2 Qd7 16. b3 Rae8 17. Rae1 d5 18. fxe5 Nxe5 19. d4 Nf7 20. Ne2 Nd6 21. c5
Nde4 22. Bc1 g5 23. b4 Kg7 24. Nc3 h5 25. Nxe4 dxe4 26. a4 Nd5 27. Bd2 Rh8 28.
Rb1 h4 29. g4 h3 30. Bh1 Rh4 31. gxf5 Bxf5 32. Rf2 Bg6 33. b5 Kh6 34. bxc6 bxc6
35. a5 Rg4+ 36. Kf1 Qc8 37. Qd1 Bh5 0-1

[Event "Klausen-J.Richter/Lask"]
[Site "?"]
[Date "2015.12.12"]
[Round "4.4"]
[White "Schrott, Johann"]
[Black "Bevilacqua, Maurizio"]
[Result "0-1"]
[WhiteElo "1812"]
[BlackElo "1999"]
[PlyCount "64"]
[EventDate "2015.??.??"]

1. e4 c5 2. Nf3 Nc6 3. d4 cxd4 4. Nxd4 g6 5. Nc3 Bg7 6. Be3 Nf6 7. Be2 O-O 8.
Qd2 d5 9. exd5 Nxd5 10. Nxd5 Qxd5 11. Bf3 Qc4 12. Be2 Qd5 13. Bf3 Qd6 14. Rd1
Ne5 15. Be2 Ng4 16. Bxg4 Bxg4 17. f3 Bd7 18. O-O Rfd8 19. c3 Qa6 20. Nb3 b6 21.
Nc1 Qc8 22. Rf2 Qc7 23. Qe1 Ba4 24. Rxd8+ Rxd8 25. Rd2 e5 26. Rxd8+ Qxd8 27.
Qd2 Qxd2 28. Bxd2 f5 29. Kf2 Kf7 30. g3 Ke6 31. Be3 Bf6 32. f4 Kd6 0-1

[Event "Klausen-J.Richter/Lask"]
[Site "?"]
[Date "2015.12.12"]
[Round "4.5"]
[White "Battiston, Claudio"]
[Black "Schrott, Ernst"]
[Result "0-1"]
[WhiteElo "1779"]
[BlackElo "1882"]
[PlyCount "75"]
[EventDate "2015.??.??"]

1. e4 c5 2. Nf3 e6 3. d3 Nf6 4. Nbd2 Nc6 5. g3 d5 6. Bg2 Be7 7. O-O dxe4 8.
dxe4 e5 9. c3 O-O 10. Qc2 b5 11. a4 b4 12. Re1 Ba6 13. Bf1 Bxf1 14. Nxf1 Rb8
15. Bg5 Ng4 16. Bxe7 Qxe7 17. h3 Nf6 18. Ne3 Rfd8 19. Rad1 h6 20. Kg2 Qe6 21.
Rxd8+ Rxd8 22. Rd1 Rxd1 23. Qxd1 Nxe4 24. cxb4 cxb4 25. Qc2 Nf6 26. Qc5 Nd7 27.
Qd5 Qxd5 28. Nxd5 Nc5 29. a5 Nd3 30. b3 Nc5 31. Nd2 Nxa5 32. Nxb4 Naxb3 33. Nc4
f6 34. Kf3 a5 35. Na2 Kf7 36. g4 Ke6 37. Nc3 a4 38. Ke3 0-1

[Event "Klausen-J.Richter/Lask"]
[Site "?"]
[Date "2015.12.12"]
[Round "4.6"]
[White "Sigmund, Ingenuin"]
[Black "Kowalczyk, Martin"]
[Result "0-1"]
[WhiteElo "1729"]
[BlackElo "1774"]
[PlyCount "44"]
[EventDate "2015.??.??"]

1. e4 e5 2. g3 Nf6 3. Bg2 Bc5 4. c3 Nc6 5. Ne2 a5 6. d4 Ba7 7. Na3 exd4 8. cxd4
O-O 9. Nb5 Bb6 10. e5 Ne8 11. O-O d6 12. exd6 Nxd6 13. Nxd6 Qxd6 14. Bf4 Qg6
15. d5 Nb4 16. Qb3 Bg4 17. Nc3 Nd3 18. Bd2 Nc5 19. Qc4 Bf5 20. Qh4 Rfe8 21.
Rfe1 Nd3 22. Rxe8+ Rxe8 0-1

[Event "Tramin/Kaltern-Deutschnofen"]
[Site "?"]
[Date "2015.12.12"]
[Round "4.1"]
[White "Manca, Federico"]
[Black "Bertagnolli, Alexander"]
[Result "0-1"]
[WhiteElo "2409"]
[BlackElo "2355"]
[PlyCount "128"]
[EventDate "2015.??.??"]

1. e4 c5 2. c3 Nf6 3. e5 Nd5 4. d4 cxd4 5. Nf3 Nc6 6. Bc4 Nb6 7. Bb3 d5 8. exd6
Qxd6 9. O-O g6 10. Ng5 Nd8 11. Ne4 Qe5 12. Re1 Bg7 13. cxd4 Qxd4 14. Nd6+ Kf8
15. Qxd4 Bxd4 16. Bh6+ Bg7 17. Bxg7+ Kxg7 18. Rxe7 Kf6 19. Re3 Be6 20. Bxe6
Nxe6 21. Nc3 Ke7 22. Nxb7 Rhc8 23. Na5 Rc7 24. Rd1 Rac8 25. h3 Kf8 26. Re5 Kg7
27. g3 Kf6 28. Rb5 Kg7 29. h4 h5 30. Kg2 Nc5 31. Rb4 Re8 32. Nb5 Rd7 33. Rxd7
Nbxd7 34. Rd4 Rb8 35. Nxa7 Rxb2 36. a3 Ne5 37. N7c6 Ng4 38. Nb4 Rxf2+ 39. Kg1
Rf3 40. Kg2 Rxa3 41. Nac6 Ne3+ 42. Kf2 Nf5 43. Rf4 Nxg3 44. Rf3 Rxf3+ 45. Kxf3
Nf5 46. Nd5 Nxh4+ 47. Kf4 Ne6+ 48. Ke5 Nf3+ 49. Ke4 Nfg5+ 50. Ke3 h4 51. Kf2
Ne4+ 52. Kg2 g5 53. Nce7 Nd6 54. Ne3 Nd4 55. Kh3 f5 56. Ng2 Kf6 57. Nd5+ Ke5
58. Nb4 Nf3 59. Ne3 Ke4 60. Ned5 g4+ 61. Kg2 h3+ 62. Kf2 Ke5 63. Nc3 Ne4+ 64.
Ke2 h2 0-1

[Event "Tramin/Kaltern-Deutschnofen"]
[Site "?"]
[Date "2015.12.12"]
[Round "4.2"]
[White "Paltrinieri, Nicholas"]
[Black "Micheli, Carlo"]
[Result "1-0"]
[WhiteElo "2201"]
[BlackElo "2239"]
[PlyCount "81"]
[EventDate "2015.??.??"]

1. d4 d6 2. c4 e5 3. Nf3 e4 4. Nfd2 f5 5. e3 Nf6 6. Nc3 g6 7. Be2 Bh6 8. b4 O-O
9. g3 c6 10. Rb1 Nbd7 11. Nb3 Re8 12. a4 Nf8 13. h4 Bg7 14. Qd2 h6 15. a5 g5
16. b5 Ne6 17. a6 c5 18. d5 Nf8 19. axb7 Bxb7 20. Na4 Ng6 21. Bb2 gxh4 22. gxh4
Ng4 23. Bxg7 Kxg7 24. Na5 Rb8 25. Nc6 Bxc6 26. dxc6 N6e5 27. Rd1 f4 28. Bxg4
Nxg4 29. Qxd6 fxe3 30. fxe3 Qa5+ 31. Qd2 Qxa4 32. Rg1 h5 33. Qc3+ Kg8 34. Rd5
Re6 35. Rg5+ Kf7 36. Qg7+ Ke8 37. Qd7+ Kf8 38. Rf1+ Rf6 39. Qg7+ Ke8 40. Qg8+
Ke7 41. Rg7+ 1-0